| 000 | 00895cam a22002775a 4500 | ||
|---|---|---|---|
| 001 | 016119962 | ||
| 003 | OSt | ||
| 005 | 20160131120636.0 | ||
| 008 | 120622s2012 enka frb 001 0 eng d | ||
| 020 | _a9780857110558 (pbk.) | ||
| 020 | _a0857110551 (pbk.) | ||
| 040 |
_aStDuBDS _beng _cStDuBDS _dUk _dEG-ScBUE |
||
| 082 | 0 | 4 |
_a615.4 _222 _bLAN |
| 100 | 1 |
_aLangley, Christopher Andrew. _939185 |
|
| 245 | 1 | 0 |
_aPharmaceutical compounding and dispensing / _cChristopher A. Langley, Dawn Belcher. |
| 250 | _a2nd ed. | ||
| 260 |
_aLondon ; _aPhiladelphia : _bPharmaceutical Press, _c2012. |
||
| 300 |
_aviii, 216 p. : _bill. ; _c24 cm. |
||
| 500 | _aPrevious ed. : 2008. | ||
| 500 | _aIndex : p. 209-216. | ||
| 504 | _aIncludes bibliographical references. | ||
| 650 | 7 |
_aDrugs _xDosage forms. _2BUEsh _936089 |
|
| 653 |
_bPPhrm _cJune2015 _cJanuary2016 |
||
| 700 | 1 | _aBelcher, Dawn. | |
| 942 | _2ddc | ||
| 999 |
_c20107 _d20079 |
||